<?xml version="1.0" encoding="UTF-8"?>
<collection xmlns="http://www.loc.gov/MARC21/slim">
 <record>
  <leader>01137pamaa2200229   4500</leader>
  <controlfield tag="001">0000022042</controlfield>
  <controlfield tag="005">20110126090000.0</controlfield>
  <datafield tag="020" ind1="0" ind2="0">
   <subfield code="a">[ nil ] </subfield>
  </datafield>
  <datafield tag="090" ind1="0" ind2="0">
   <subfield code="a">TK145 </subfield>
   <subfield code="b">KUI 1998</subfield>
  </datafield>
  <datafield tag="100" ind1="1" ind2="0">
   <subfield code="a">KUI-MIN AK KULU </subfield>
  </datafield>
  <datafield tag="245" ind1="1" ind2="0">
   <subfield code="a">Automatic escalator by John Kui-Min Ak Kulu.  2. Boiler and firetube boiler design by Yong Footh Thiam.  3. Design an aerogenerator using AutoCAD R14 by Hoo Yee Jun.  4. Design and construct a cutting apparatus to shape a sphere polystyrene foam (styrofoam) by Michael Wong Choo Soon.  5. Design a refrigerated sea water system by Rusthum Mohamed.  6. Design of an automatic rain and sun shielded window by Choo Siang Kock.  7. Design of car turbocharger and its air-cooling system (intercooler) by Tiong Lee Nguang.</subfield>
  </datafield>
  <datafield tag="260" ind1="0" ind2="0">
   <subfield code="a">Nilai: </subfield>
   <subfield code="b">INTI College Malaysia, </subfield>
   <subfield code="c">April 1998.</subfield>
  </datafield>
  <datafield tag="300" ind1=" " ind2=" ">
   <subfield code="a">Volume II.</subfield>
  </datafield>
  <datafield tag="440" ind1="0" ind2="0">
   <subfield code="a">Diploma in mechanical engineering</subfield>
  </datafield>
  <datafield tag="650" ind1="0" ind2="0">
   <subfield code="a">Mechanical engineering -- </subfield>
   <subfield code="x">Project paper </subfield>
  </datafield>
  <datafield tag="650" ind1="0" ind2="0">
   <subfield code="a">Project paper </subfield>
  </datafield>
  <datafield tag="700" ind1="1" ind2="1">
   <subfield code="a">WONG CHOO SOON, </subfield>
   <subfield code="h">Michael </subfield>
  </datafield>
  <datafield tag="700" ind1="1" ind2="1">
   <subfield code="a">HOO YEE JUN </subfield>
  </datafield>
  <datafield tag="700" ind1="1" ind2="1">
   <subfield code="a">YONG FOOTH THIAM </subfield>
  </datafield>
  <datafield tag="700" ind1="1" ind2="1">
   <subfield code="a">RUSTHUM MOHAMED </subfield>
  </datafield>
  <datafield tag="700" ind1="1" ind2="1">
   <subfield code="a">CHOO SIANG KOCK </subfield>
  </datafield>
  <datafield tag="700" ind1="1" ind2="1">
   <subfield code="a">TIONG LEE NGUANG </subfield>
  </datafield>
 </record>
</collection>
